00384nam a2200169Ia 4500008004100000020001800041245002100059245001700080260001500097260001600112260000900128300001500137300002500152300001000177440001900187500000800206170705s9999 xx 000 0 und d a9780516243597 aWax to crayons / cInez Snyder. aNew York : bScholastic, c2003 a24 pages : bcolor illustration ; c15cm. aWelcome books. a290